000 01487nam a2200361 i 4500
001 bg
003 BPK
005 20250523063412.0
008 s2000 pl a f f |000 0 pol
020 _a8387424633
040 _cBPK
080 _a004.94
080 _a519.86
080 _a531/534
080 _a621.3
080 _a(075.8)
100 1 _aTarnowski, Wojciech
_d(1936-2024)
_eAutor
245 1 0 _aModelowanie matematyczne i symulacja komputerowa dynamicznych procesów ciągłych /
_cWojciech Tarnowski, Stefan Bartkiewicz ; [aut. rodz. 3.5 Tomasz Kiczkowiak, aut. rozdz. 10.3.3 Marek Ciebielski].
260 _aKoszalin :
_bWydawnictwo Uczelniane Politechniki Koszalińskiej,
_c2000.
300 _a341 s. :
_brys., wykr. ;
_c24 cm.
504 _aBibliogr. s. 334-336.
650 4 _aFizyka
_xautomatyzacja.
650 9 _aSymulacja
_xstosowanie
_xmechanika.
650 9 _aSymulacja
_xstosowanie
_xtechnika.
655 _aPodręczniki akademickie
710 4 _aPolitechnika Koszalińska.
_bWydawnictwo Uczelniane.
_4pbl.
700 1 _aCiebielski, Marek.
_eAutor
700 1 _aKiczkowiak, Tomasz
_d(1955- )
_eAutor
700 1 _aBartkiewicz, Stefan
_eAutor
856 _uhttp://dlibra.tu.koszalin.pl/dlibra/docmetadata?id=69&from=&dirids=1&ver_id=&lp=1&QI=
_yBiblioteka Cyfrowa
942 _cKS
_2UKD
856 _uhttp://koha.tu.koszalin.pl/cgi-bin/koha/opac-detail.pl?biblionumber=37950
_yKatalog online BPK
999 _c37950
_d37950